Random Very Difficult Capital Cities - Statistics

General Stats
  • This quiz has been taken 111 times
  • The average score is 15 of 20
Answer Stats
Country Capital City % Correct
Sudan Khartoum
100%
Rwanda Kigali
100%
Burkina Faso Ouagadougou
95%
Niger Niamey
94%
Madagascar Antananarivo
92%
Guinea Conakry
90%
South Sudan Juba
90%
Ivory Coast Yamoussoukro
90%
Uganda Kampala
88%
Mozambique Maputo
88%
Namibia Windhoek
88%
Barbados Bridgetown
85%
Lesotho Maseru
85%
Papua New Guinea Port Moresby
85%
Cameroon Yaoundé
85%
Mauritania Nouakchott
83%
Liberia Monrovia
82%
Belize Belmopan
81%
Tanzania Dodoma
80%
Botswana Gaborone
80%
Togo Lomé
80%
Seychelles Victoria
80%
Turkmenistan Ashgabat
79%
Cape Verde Praia
79%
Mauritius Port Louis
78%
Samoa Apia
77%
Myanmar Naypyidaw
76%
Saint Lucia Castries
75%
Zimbabwe Harare
75%
Comoros Moroni
75%
Sri Lanka Sri Jayawardenepura Kotte
75%
Malawi Lilongwe
74%
Gabon Libreville
73%
Zambia Lusaka
73%
Honduras Tegucigalpa
73%
Nauru Yaren
73%
Central African Republic Bangui
71%
Chad N'Djamena
71%
Kiribati South Tarawa
71%
Eritrea Asmara
70%
Brunei Bandar Seri Begawan
69%
Antigua and Barbuda Saint John's
69%
Tajikistan Dushanbe
68%
Tuvalu Funafuti
68%
Burundi Gitega
68%
Benin Porto-Novo / Cotonou
68%
Mali Bamako
67%
Fiji Suva
67%
Gambia Banjul
65%
Eswatini Mbabane
64%
Equatorial Guinea Malabo
63%
Grenada Saint George's
63%
Vanuatu Port Vila
62%
Solomon Islands Honiara
61%
Marshall Islands Majuro
60%
Saint Kitts and Nevis Basseterre
57%
Fed. States of Micronesia Palikir
57%
Dominica Roseau
57%
Tonga Nukuʻalofa
56%
Palau Ngerulmud
55%
No matching quizzes found
Score Distribution
Percent of People with Each Score
Percentile by Number Answered
Your Score History
You have not taken this quiz